000 00739nam a2200265Ia 4500
005 20260302114806.0
008 008 260114s9999 xx 000 0 eng d
020 _a9781666991413
037 _aTextbook
040 _aCRL
040 _beng
040 _cCRL
041 _2eng
041 _aeng
084 _qCRL
100 _aIrene Ramalho-Santos
_91119771
245 0 _aFernando Pessoa and the Lyric Disquietude, Rumination, Interruption, Inspiration, Constellation
260 _bBloomsbury
260 _bLexington Books
260 _c2022
650 _aLiterary Studies
856 _uhttps://doi.org/10.5040/9781666991413?locatt=label:secondary_bloomsburyCollections
942 _cEBOOK
999 _c1683851
_d1683851